| 000 | 03134cam a22004574i 4500 | ||
|---|---|---|---|
| 999 |
_c331011 _d331011 |
||
| 001 | 13982325 | ||
| 003 | NUST | ||
| 005 | 20180117090030.0 | ||
| 008 | 050525s2006 enk b 001 0 eng | ||
| 010 | _a 2005014221 | ||
| 020 | _a9780415376068 (hbk) | ||
| 020 | _a9780415376075 (pbk) | ||
| 020 | _a0415376068 (hardback) | ||
| 020 | _a0415376076 (pbk.) | ||
| 040 |
_aDLC _beng _erda _cDLC _dDLC |
||
| 042 | _apcc | ||
| 043 | _ae-uk--- | ||
| 050 | 0 | 0 |
_aLB1027.5 _b.P68 2006 |
| 082 | 0 | 0 |
_a361/.06/0683 _222 |
| 245 | 0 | 0 |
_aProviding support & supervision : _ban introduction for professionals working with young people / _c[edited by] Hazel L. Reid & Jane Westergaard. |
| 246 | 3 | _aProviding support and supervision | |
| 264 | 1 |
_aLondon ; _aNew York : _bRoutledge, _c2006. |
|
| 300 |
_axi, 185 pages ; _c24 cm |
||
| 336 |
_atext _btxt _2rdacontent |
||
| 337 |
_aunmediated _bn _2rdamedia |
||
| 338 |
_avolume _bnc _2rdacarrier |
||
| 504 | _aIncludes bibliographical references and index. | ||
| 505 | 0 | _aIntroduction / Hazel L. Reid and Jane Westergaard -- What is support and supervision? / Hazel L. Reid -- Beyond reason and anxiety : how psychoanalytical ideas can inform the practice of supervision / Helen Reynolds -- Outcome focused supervision / David Bucknell -- Getting the most from support and supervision : attitudes and skills for supervisors and supervisees in an intergrative approach to supervision / Jane Westergaard -- Multicultural issues in support and supervision / Jenny Bimrose -- The intensive support worker : bringing a range of difficult issues to supervision / Miche Tetley -- Developing a meaningful relationship : a conversation about supervision from the supervisor's perspective / Stephen Harrison and Jane Westergaard -- The organizational perspective : considering issues of providing support and supervision to practitioners working with young people / Ros Garrod-Mason and Jane Westergaard -- Support and supervision : a lifelong learning process / Mary McMahon -- Evaluation in supervision across a continuum of practice / Andrew Edwards -- Support work with children : ethical dilemmas, confidentiality and the law / Debbie Daniels --A cautionary note on support and supervision / Hazel L. Reid. | |
| 650 | 0 |
_aCounselors _xSupervision of _zGreat Britain. _94365 |
|
| 650 | 0 |
_aEducational counseling _zGreat Britain. _94366 |
|
| 650 | 0 |
_aYouth _xCounseling of _zGreat Britain. _94367 |
|
| 650 | 0 |
_aCareer education _zGreat Britain. _94046 |
|
| 700 | 1 |
_aReid, Hazel L., _d1951- _94368 |
|
| 700 | 1 |
_aWestergaard, Jane, _d1959- _94369 |
|
| 856 | 4 | 1 |
_3Table of contents only _uhttp://www.loc.gov/catdir/toc/ecip0513/2005014221.html |
| 856 | 4 | 2 |
_3Publisher description _uhttp://www.loc.gov/catdir/enhancements/fy0703/2005014221-d.html |
| 906 |
_a7 _bcbc _corignew _d1 _eecip _f20 _gy-gencatlg |
||
| 942 |
_2ddc _cBK |
||